| 000 | 00639nas a2200241Ia 4500 | ||
|---|---|---|---|
| 001 | dd34-46170 | ||
| 003 | IT-MiCISF | ||
| 005 | 20251106121000.0 | ||
| 008 | 161014c99999999xx |||||||||||| ||und|| | ||
| 040 |
_aIT-MiCISF _cIT-MiCISF |
||
| 041 | _ait | ||
| 100 |
_aDe Carli Sara (et al.) _957785 |
||
| 245 | 0 | _aGrandi adozioni | |
| 250 | _a"Vita", n. 10, 20 marzo | ||
| 260 | _c2009 | ||
| 300 | _app. 4-6 | ||
| 500 | _aadozione-internazionale, esperienze, famiglia-adottiva | ||
| 650 | _aAdozione / affido | ||
| 654 | _adossier | ||
| 700 |
_aBacchetta D., Schirer R., Cantoni C. _962735 |
||
| 942 |
_cCR _2ddc |
||
| 999 |
_c218764 _d218764 |
||
| 999 | _bSi | ||